000 00252nam a22000857a 4500
008 160701b xxu||||| |||| 00| 0 eng d
100 _91742
_a Aggarwal, M.L
245 _aHints & Solutions to Mathematics - XII
260 _aNew Delhi
_bAvichal Publication
_c2001
999 _c1448
_d1448